000
00362cam a2200169ua 4500
001
483
008
191126n II |||gr||||Z||||||eng
040
_a
MAIN
041
_a
English
041
_a
eng
082
_a
370 ADA
100
_a
ADAMS, JOHN.
245
_a
MODERN DEVELOPMENT IN EDUCATIONAL PRACTICE
300
_c
20CM.
653
_a
Education
942
_c
BK
999
_c
483
_d
483